LEADER 03144nam 2200661 450 001 9910480091603321 005 20180731045131.0 010 $a1-4704-0461-3 035 $a(CKB)3360000000465041 035 $a(EBL)3114232 035 $a(SSID)ssj0000889097 035 $a(PQKBManifestationID)11497169 035 $a(PQKBTitleCode)TC0000889097 035 $a(PQKBWorkID)10881941 035 $a(PQKB)11679267 035 $a(MiAaPQ)EBC3114232 035 $a(PPN)195417453 035 $a(EXLCZ)993360000000465041 100 $a20060320h20062006 uy| 0 101 0 $aeng 135 $aur|n|---||||| 181 $ctxt 182 $cc 183 $acr 200 10$aNon-doubling Ahlfors measures, perimeter measures, and the characterization of the trace spaces of Sobolev functions in Carnot-Carathe?odory spaces /$fDonatella Danielli, Nicola Garofalo, Duy-Minh Nhieu 210 1$aProvidence, Rhode Island :$cAmerican Mathematical Society,$d[2006] 210 4$d©2006 215 $a1 online resource (138 p.) 225 1 $aMemoirs of the American Mathematical Society,$x0065-9266 ;$vnumber 857 300 $a"July 2006, volume 182, number 857 (first of 4 numbers)." 311 $a0-8218-3911-X 320 $aIncludes bibliographical references (pages 111-119). 327 $a""Chapter 4. X-variation, X-perimeter and surface measure""""4.1. The structure of functions in BV[sub(X,loc)]""; ""4.2. X-Caccioppoli sets""; ""4.3. X-perimeter and the perimeter measure""; ""Chapter 5. Geometric estimates from above on CC balls for the perimeter measure""; ""5.1. A fundamental estimate""; ""5.2. The X-perimeter of a C[sup(1,1)] domain is an upper 1-Ahlfors measure""; ""Chapter 6. Geometric estimates from below on CC balls for the perimeter measure""; ""6.1. The relative isoperimetric inequality and Theorem 6.1""; ""6.2. A basic geometric lemma"" 327 $a""10.2. Characterization of the traces on the boundary""""Chapter 11. The embedding of B[sup(p)][sub(I?²)](I?©, dI??) into L[sup(q)](I?©, dI??)""; ""Chapter 12. Returning to Carnot groups""; ""Chapter 13. The Neumann problem""; ""Chapter 14. The case of Lipschitz vector fields""; ""Bibliography"" 410 0$aMemoirs of the American Mathematical Society ;$vno. 857. 606 $aHarmonic analysis 606 $aHomogeneous spaces 606 $aSobolev spaces 606 $aMeasure theory 606 $aDifferential equations, Partial 608 $aElectronic books. 615 0$aHarmonic analysis. 615 0$aHomogeneous spaces. 615 0$aSobolev spaces. 615 0$aMeasure theory. 615 0$aDifferential equations, Partial. 676 $a510 s 676 $a515/.2433 700 $aDanielli$b Donatella$f1966-$0502357 702 $aGarofalo$b Nicola 702 $aNhieu$b Duy-Minh$f1966- 801 0$bMiAaPQ 801 1$bMiAaPQ 801 2$bMiAaPQ 906 $aBOOK 912 $a9910480091603321 996 $aNon-doubling Ahlfors measures, perimeter measures, and the characterization of the trace spaces of Sobolev functions in Carnot-Carathe?odory spaces$92061317 997 $aUNINA LEADER 01943nam2 22003973i 450 001 TO01998664 005 20251003044413.0 010 $a9781455726134 010 $a9788821447488$bristampa 2017 100 $a20220829d2015 ||||0itac50 ba 101 | $aita 102 $ait 181 1$6z01$ai $bxxxe 182 1$6z01$an 183 1$6z01$anc$2RDAcarrier 200 1 $aˆ1: ‰Patologia generale$fRobbins e Cotran$gV. Kumar, A. K. Abbas, J. C. Aster 205 $a9. ed.$fa cura di Vincenzo Eusebi$gcon la collaborazione di Gaetano De Rosa... [et al.] 210 $aMilano$cEdra$dc2015 215 $aXIV, 464 p., XXXVII p.$cill.$d28 cm 461 1$1001USM1966931$12001 $aRobbins e Cotran Le basi patologiche delle malattie$fV. Kumar, A.K. Abbas, J.C. Aster 606 $aAnatomia patalogica$2FIR$3NAPC324314$9I 676 $a616.070222$9PATOLOGIA. Immagini e illustrazioni connesse$v23 700 1$aKumar$b, Vinay$f <1944- >$3RMCV003175$4070$067342 701 1$aEusebi$b, Vincenzo$3AQ1V001193$4340$0854224 701 1$aDe Rosa$b, Gaetano$f <1947- >$3SBNV096911$4205$01267726 702 1$aAbbas$b, Abul K.$3AQ1V002645$4070 702 1$aRobbins$b, Stanley L.$3MILV018259$4070 702 1$aCotran$b, Ramzi S.$f <1932-2000>$3MILV018260$4070 702 1$aAster$b, Jon C.$3USMV926561$4070 801 3$aIT$bIT-000000$c20220829 850 $aIT-BN0095 912 $aTO01998664 950 2$aBiblioteca Centralizzata di Ateneo$cv. 1-2$d 01BCA SC. TECNOL 103$e 01 0000077365 VMA (0001 v. 1$fB $h20211105$i20211105$cv. 1-2$d 01BCA SC. TECNOL 103$e 01 0000077375 VMA (0001 bis v. 1 (2. copia)$fY $h20211105$i20211105$cv. 1-2$d 01BCA SC. TECNOL 103$e 01 0000077385 VMA A4(0001 ter v. 1 (3. copia)$fY $h20211105$i20211105 977 $a 01 996 $aPatologia generale$92981959 997 $aUNISANNIO